| 000 -LEADER |
| fixed length control field |
01443cas a22004331 4500 |
| 001 - CONTROL NUMBER |
| control field |
11205729 |
| 003 - CONTROL NUMBER IDENTIFIER |
| control field |
NUST |
| 005 - DATE AND TIME OF LATEST TRANSACTION |
| control field |
20210707104606.0 |
| 008 - FIXED-LENGTH DATA ELEMENTS--GENERAL INFORMATION |
| fixed length control field |
751101c19689999pk mr p 0 a0eng |
| 010 ## - LIBRARY OF CONGRESS CONTROL NUMBER |
| LC control number |
76930176 |
| 035 ## - SYSTEM CONTROL NUMBER |
| System control number |
(OCoLC)ocm01766856 |
| 037 ## - SOURCE OF ACQUISITION |
| Source of stock number/acquisition |
1/5-Edward Rd. |
| 038 ## - RECORD CONTENT LICENSOR |
| Staff Name |
Waseem |
| 040 ## - CATALOGING SOURCE |
| Original cataloging agency |
DLC |
| Language of cataloging |
eng |
| Transcribing agency |
MUL |
| Modifying agency |
COO |
| -- |
DLC |
| -- |
CRL |
| -- |
OCLCQ |
| -- |
EMI |
| -- |
OCLCQ |
| -- |
OCLCF |
| -- |
OCLCO |
| -- |
HVL |
| -- |
OCL |
| -- |
OCLCO |
| -- |
OCLCA |
| -- |
OCLCQ |
| 042 ## - AUTHENTICATION CODE |
| Authentication code |
pcc |
| 043 ## - GEOGRAPHIC AREA CODE |
| Geographic area code |
a-pk--- |
| 050 00 - LIBRARY OF CONGRESS CALL NUMBER |
| Classification number |
LAW |
| 050 #4 - LIBRARY OF CONGRESS CALL NUMBER |
| Classification number |
KPL18.A21968 |
| Item number |
S86x |
| 082 04 - DEWEY DECIMAL CLASSIFICATION NUMBER |
| Classification number |
349.54904 |
| Author Mark |
SUP |
| 245 04 - TITLE STATEMENT |
| Title |
The Supreme Court monthly review 1999 |
| Statement of responsibility, etc. |
Editors Muhammad Anwar, Muhammad Azhar Saeed and Muhammad Zubair Saeed |
| 260 ## - PUBLICATION, DISTRIBUTION, ETC. |
| Place of publication, distribution, etc. |
Lahore : |
| Name of publisher, distributor, etc. |
Pakistan Law House |
| Date of publication, distribution, etc. |
1999, |
| 300 ## - PHYSICAL DESCRIPTION |
| Extent |
volumes |
| Dimensions |
25 cm |
| 310 ## - CURRENT PUBLICATION FREQUENCY |
| Current publication frequency |
Monthly |
| 336 ## - CONTENT TYPE |
| Content type term |
text |
| Content type code |
txt |
| Source |
rdacontent |
| 337 ## - MEDIA TYPE |
| Media type term |
unmediated |
| Media type code |
n |
| Source |
rdamedia |
| 338 ## - CARRIER TYPE |
| Carrier type term |
volume |
| Carrier type code |
nc |
| Source |
rdacarrier |
| 362 0# - DATES OF PUBLICATION AND/OR SEQUENTIAL DESIGNATION |
| Dates of publication and/or sequential designation |
v. 1- Jan. 1968- |
| 563 ## - BINDING INFORMATION |
| Binding note |
HBK, |
| 590 ## - LOCAL NOTE (RLIN) |
| Local note |
SERBIB/SERLOC merged record |
| 650 #0 - SUBJECT ADDED ENTRY--TOPICAL TERM |
| Topical term or geographic name entry element |
Law reports, digests, etc. |
| Geographic subdivision |
Pakistan. |
| 650 #7 - SUBJECT ADDED ENTRY--TOPICAL TERM |
| Topical term or geographic name entry element |
Law reports, digests, etc. |
| Source of heading or term |
fast |
| Authority record control number or standard number |
(OCoLC)fst00994106 |
| 651 #7 - SUBJECT ADDED ENTRY--GEOGRAPHIC NAME |
| Geographic name |
Pakistan. |
| Source of heading or term |
fast |
| Authority record control number or standard number |
(OCoLC)fst01210275 |
| 655 #7 - INDEX TERM--GENRE/FORM |
| Genre/form data or focus term |
Court decisions and opinions. |
| Source of term |
fast |
| Authority record control number |
(OCoLC)fst01774257 |
| 655 #7 - INDEX TERM--GENRE/FORM |
| Genre/form data or focus term |
Court decisions and opinions. |
| Source of term |
lcgft |
| 9 (RLIN) |
80941 |
| 710 1# - ADDED ENTRY--CORPORATE NAME |
| Corporate name or jurisdiction name as entry element |
Pakistan. |
| Subordinate unit |
Supreme Court. |
| 906 ## - LOCAL DATA ELEMENT F, LDF (RLIN) |
| a |
7 |
| b |
cbc |
| c |
serials |
| d |
3 |
| e |
ncip |
| f |
19 |
| g |
n-oclcserc |
| 942 ## - ADDED ENTRY ELEMENTS (KOHA) |
| Source of classification or shelving scheme |
|
| Koha item type |
Reference |
| Serial record |
1 |